000 00804nab a2200253 u 4500
001 21198
003 HDC
007 cr bn ---aaaaa
008 210307c20101008xx dr|noo 0 a eng d
040 _aHDC
100 _a Baker, David
_eauthor
_918815
245 0 _aUK: U-turn on halal-only menus for schools / by
_cDavid Baker
300 _a1 online resource
336 _atext
_2rdacontent
337 _acomputer
_2rdamedia
338 _aonline resource
_2rdacarrier
650 _aHalal food
_950
650 _ahalal-only menus
_918816
710 _aHalal Focus
856 _zRequest full-text at [email protected]
942 _2lcc
942 _cNEWS
942 _kNWSO 006502
999 _c18514
_d18514